Clic Quel pays est le premier producteur de... - Statistiques

Statistiques générales
  • Ce quiz a été pris 33 fois
  • Le résultat moyen est 3 sur 10
Statistiques - réponses
Hint Réponse % Correct
Avocats Mexique
60%
Noix de coco / Ananas Indonésie
52%
Oranges Brésil
40%
Abricots / Cerises Turquie
40%
Avoine Canada
28%
Pamplemousses Etats-Unis
20%
Framboise Russie
20%
Pommes / Aubergine Chine
12%
Artichauts Egypte
12%
Bananes / Citrons Inde
8%
Aucun quiz correspondant
Distribution des résultats
% des personnes avec chaque résultat
Percentile par nombre de réponses
Votre historique - résultats
Vous n’avez pas pris ce quiz